[Event "Bullet Chess Winners 2023"]
[Site "chess.com INT"]
[Date "2023.07.18"]
[Round "2.2"]
[White "Martinez Alcantara,Jose Eduardo"]
[Black "Nakamura,Hi"]
[Result "0-1"]
[WhiteElo "2619"]
[BlackElo "2787"]

1.e4 d6 2.d4 a6 3.Bd3 b5 4.c3 Bb7 5.Nd2 Nd7 6.Ngf3 e5 7.O-O c5 8.Re1 Ngf6
9.Nf1 Be7 10.Ng3 O-O 11.Bg5 Re8 12.Qd2 h6 13.Be3 Bf8 14.d5 c4 15.Bc2 Nc5
16.h3 Kh7 17.Kh1 g6 18.Nh2 Bg7 19.Rf1 Qc7 20.Rae1 Re7 21.f4 exf4 22.Bxf4 Rae8
23.Ng4 Nxg4 24.hxg4 Nd7 25.g5 h5 26.Nf5 gxf5 27.exf5 f6 28.g6+ Kg8 29.Re6 Ne5
30.Qd1 Qc5 31.Qxh5 Qxd5 32.Rf2 Rxe6 33.fxe6 Nd3 34.Qh7+ Kf8 35.Bxd3 cxd3
36.Bxd6+ Qxd6 37.Rxf6+ Ke7 38.Qxg7+ Kd8 39.Rf7 Bc6 40.Rf4 d2 41.Rd4 d1=Q+  0-1

[Event "Bullet Chess Winners 2023"]
[Site "chess.com INT"]
[Date "2023.07.18"]
[Round "2.1"]
[White "Nakamura,Hi"]
[Black "Martinez Alcantara,Jose Eduardo"]
[Result "1/2-1/2"]
[WhiteElo "2787"]
[BlackElo "2619"]

1.Nf3 Nf6 2.b3 e6 3.Bb2 b6 4.e3 Bb7 5.d4 g6 6.Bd3 Bg7 7.O-O O-O 8.Nbd2 d5
9.c4 Nbd7 10.Rc1 c5 11.dxc5 Nxc5 12.Bb1 dxc4 13.Nxc4 Qxd1 14.Rfxd1 Rfd8 15.Nd6 Bxf3
16.gxf3 Ne8 17.Bxg7 Kxg7 18.Nxe8+ Rxe8 19.b4 Na6 20.a3 Rac8 21.Bd3 Nb8 22.Be4 Rxc1
23.Rxc1 Re7 24.Rc8 Na6 25.Bd3 Nc7 26.Bc4 Ne8 27.Rd8 Nf6 28.Rc8 Rd7 29.f4 h6
30.Kg2 g5 31.fxg5 hxg5 32.h3 Ne4 33.Kf3 Nd2+ 34.Ke2 Nxc4 35.Rxc4 Kf6 36.h4 gxh4
37.Rxh4 Ke7 38.Rc4 Kd6 39.Kf3 Ke7 40.Ke4 f5+ 41.Ke5 Rd5+ 42.Kf4 Rd7 43.Kg5 Rd2
44.f3 Kd6 45.Kf6 Rd3 46.e4 fxe4 47.fxe4 Rf3+ 48.Kg6 Rxa3 49.b5 Ke5 50.Kf7 Rb3
51.Rc7 Rxb5 52.Rxa7 Rb4 53.Rb7 Kxe4 54.Kxe6 Kd4 55.Kd6 Kc4 56.Kc6 Rb3 57.Rh7 Rb4
58.Rh4+ Kb3 59.Rh3+ Ka4 60.Rh1 Rb3 61.Ra1+ Kb4 62.Kxb6 Kc3+ 63.Kc5 Kb2 64.Rh1 Rc3+
65.Kb4 Rb3+ 66.Ka4 Rc3 67.Rh2+ Rc2 68.Rh4 Rc3 69.Kb5 Rc2 70.Kb4 Rd2 71.Rh3 Rc2
72.Rb3+ Kc1 73.Rg3 Kb2 74.Ka4 Rc4+ 75.Kb5 Rc3 76.Rg2+ Rc2 77.Rg1 Rc3 78.Rg5 Rc2
79.Kb4 Rc3 80.Rg2+ Rc2 81.Rg3 Rd2 82.Rg4 Rc2 83.Kb5 Rd2 84.Kc4 Rc2+ 85.Kd3 Rc3+
86.Kd4 Rc2 87.Rg7 Rc3 88.Rb7+ Rb3 89.Rh7 Rc3 90.Rh2+ Rc2 91.Rh5 Rc3 92.Rh2+ Rc2
93.Rh1 Rc3 94.Rc1 Rc2 95.Rb1+ Kxb1 96.Ke3 Rc1 97.Ke4 Rd1 98.Kf5 Rc1 99.Kg6 Rc2
100.Kg7 Rc3 101.Kf7 Kb2 102.Ke8  1/2-1/2

[Event "Bullet Chess Winners 2023"]
[Site "chess.com INT"]
[Date "2023.07.19"]
[Round "3.23"]
[White "Nakamura,Hi"]
[Black "Naroditsky,D"]
[Result "0-1"]
[WhiteElo "2787"]
[BlackElo "2619"]

1.e4 g6 2.Nc3 Bg7 3.d4 d6 4.h4 h5 5.Nh3 Nf6 6.Ng5 c6 7.Bc4 O-O 8.Bb3 b5 9.f3 b4
10.Ne2 a5 11.a4 bxa3 12.Rxa3 Nbd7 13.Nf4 e6 14.Nfxe6 fxe6 15.Nxe6 Qe7 16.Nc7+ d5
17.Nxa8 Qb4+ 18.c3 Qb8 19.e5 Nxe5 20.dxe5 Qxe5+ 21.Qe2 Qg3+ 22.Kd1 Ne4 23.Qxe4 Qxg2
24.Re1 Rxf3 25.Bg5 Bf5 26.Qe8+ Kh7 27.Kc1 Rf2 28.Re7 Rc2+ 29.Kd1 Qf1+ 30.Re1 Qd3+  0-1

[Event "Bullet Chess Winners 2023"]
[Site "chess.com INT"]
[Date "2023.07.19"]
[Round "3.12"]
[White "Naroditsky,D"]
[Black "Nakamura,Hi"]
[Result "0-1"]
[WhiteElo "2619"]
[BlackElo "2787"]

1.e4 c6 2.d4 d5 3.f3 e6 4.Nc3 Nd7 5.Bd3 a6 6.Nge2 Ne7 7.O-O g6 8.Be3 Bg7
9.Qd2 h6 10.Rad1 b6 11.Rfe1 Bb7 12.a3 Rc8 13.exd5 cxd5 14.Ng3 h5 15.Nf1 O-O
16.Bg5 Bxd4+ 17.Kh1 Bg7 18.Ng3 Nf6 19.Qf4 Nh7 20.Bh4 Qc7 21.Nxh5 gxh5 22.Bxh7+ Kxh7
23.Qg5 Ng6 24.Qxh5+ Kg8 25.Bg3 e5 26.Nxd5 Bxd5 27.Rxd5 Qxc2 28.h3 Qxb2 29.Re4 Rc1+
30.Kh2 Qb1 31.Bf2 Rf1 32.Be3 Rh1+ 33.Kg3 Qe1+ 34.Bf2 Qc1 35.Be3 Qc6 36.Rd3 f5
37.Rb4 f4+ 38.Kg4 Qe6+  0-1

[Event "Bullet Chess Winners 2023"]
[Site "chess.com INT"]
[Date "2023.07.19"]
[Round "3.10"]
[White "Naroditsky,D"]
[Black "Nakamura,Hi"]
[Result "0-1"]
[WhiteElo "2619"]
[BlackElo "2787"]

1.e4 e5 2.Nf3 Nc6 3.Nc3 Bc5 4.Nxe5 Nxe5 5.d4 Bd6 6.dxe5 Bxe5 7.Bc4 Nf6 8.O-O O-O
9.f3 c6 10.Bd3 d5 11.exd5 Nxd5 12.Nxd5 Qxd5 13.c3 Rd8 14.Qe2 Bxh2+ 15.Kxh2 Qxd3
16.Qxd3 Rxd3 17.Re1 Be6 18.Be3 b6 19.Rad1 Rxd1 20.Rxd1 Kf8 21.a3 Ke7 22.Bf4 f6
23.Bd6+ Kf7 24.Bc7 Rc8 25.Bf4 c5 26.Rd6 g5 27.Be3 Ke7 28.Rd2 Rc6 29.f4 h6
30.fxg5 hxg5 31.Kg3 Kf7 32.Rd8 Kg6 33.Kf2 Rc7 34.g3 Re7 35.Rd6 Kf5 36.Rd2 Kg4
37.Rd6 Kf5 38.Kf3 Rh7 39.g4+ Ke5 40.Rd8 Rh3+ 41.Kf2 Bxg4 42.Ra8 Ke4 43.Re8+ Kd3
44.Re7 Rf3+  0-1

[Event "Bullet Chess Winners 2023"]
[Site "chess.com INT"]
[Date "2023.07.19"]
[Round "3.11"]
[White "Nakamura,Hi"]
[Black "Naroditsky,D"]
[Result "0-1"]
[WhiteElo "2787"]
[BlackElo "2619"]

1.e4 e5 2.Nc3 Nc6 3.f4 exf4 4.Nf3 Nf6 5.e5 Ng4 6.d4 d6 7.h3 Ne3 8.Bxe3 fxe3
9.Bb5 dxe5 10.O-O exd4 11.Nxd4 Bd7 12.Qf3 Ne5 13.Qxe3 Bd6 14.Bxd7+ Qxd7 15.Nf5 O-O
16.Ne4 f6 17.Rad1 Rae8 18.Nexd6 cxd6 19.Rxd6 Qc7 20.Qg3 Ng6 21.Kh1 Qxc2 22.Rd7 Kh8
23.Rxg7 Rg8 24.Rxg8+ Rxg8 25.Nh6 Rf8 26.h4 Qd2 27.Nf5 Rg8 28.Nd6 Ne5 29.Qf2 Qxd6
30.Qxf6+ Qxf6 31.Rxf6 Rd8 32.Rf5 Ng4 33.Rf1 Rd2 34.Kg1 h5 35.g3 Kg7 36.Rf5 Rd1+
37.Rf1 Rxf1+ 38.Kxf1 Kf6 39.Ke2 Ke5 40.Kf3 Kf5 41.b4 b5 42.a3 a6 43.Ke2 Ke4
44.Kd2 Ne5 45.Ke2 Ng4 46.Kd2 Kf3 47.Kd3 Kxg3 48.Kd4 Kxh4 49.Kc5 Kg3 50.Kb6 h4
51.Kxa6 h3 52.Kxb5 h2 53.a4 h1=Q 54.a5 Qa8 55.a6 Ne5 56.Kb6 Nc4+  0-1

[Event "Bullet Chess Winners 2023"]
[Site "chess.com INT"]
[Date "2023.07.19"]
[Round "3.9"]
[White "Nakamura,Hi"]
[Black "Naroditsky,D"]
[Result "0-1"]
[WhiteElo "2787"]
[BlackElo "2619"]

1.e4 Nf6 2.Nc3 e5 3.f4 d5 4.exd5 exf4 5.Bc4 c6 6.dxc6 Nxc6 7.Nf3 Bc5 8.Na4 Bb6
9.Nxb6 Qxb6 10.d4 O-O 11.c3 Re8+ 12.Kf1 Be6 13.Bxe6 Rxe6 14.Qb3 Qa6+ 15.Kg1 Qe2
16.Bxf4 Ng4 17.Rf1 Rae8 18.h3 Ne3 19.Rf2 Qd3 20.Kh2 Rf6 21.Bxe3 Qxe3 22.Rhf1 Qf4+
23.Kg1 Qg3 24.d5 Ne5 25.Qd1 Ng6 26.Kh1 Nf4 27.Ng1 Rg6 28.Qf3 Qxf3 29.Nxf3 Nxd5
30.Nd4 f6 31.Nf5 Rg5 32.Rd2 Ne3 33.Nxe3 Rxe3 34.Rd7 Re2 35.Rg1 Rxb2 36.Kh2 h5
37.a4 Kh7 38.Rc7 Kh6 39.Rc4 Ra2 40.Rd4 a6 41.Rb4 Ra5 42.Rb5 axb5  0-1

[Event "Bullet Chess Winners 2023"]
[Site "chess.com INT"]
[Date "2023.07.19"]
[Round "3.20"]
[White "Naroditsky,D"]
[Black "Nakamura,Hi"]
[Result "1-0"]
[WhiteElo "2619"]
[BlackElo "2787"]

1.d4 Nf6 2.Nc3 c5 3.d5 d6 4.e4 a6 5.a4 g6 6.h3 e5 7.Nf3 Bg7 8.Bc4 O-O 9.O-O Nh5
10.a5 Nd7 11.Ne2 h6 12.Ne1 f5 13.exf5 gxf5 14.f4 e4 15.c3 Kh8 16.Be3 Rg8
17.Kh2 Ndf6 18.Nc2 Bd7 19.Qe1 Bb5 20.Bxb5 axb5 21.Rd1 Rxa5 22.b4 Ra2 23.Rc1 b6
24.Qd2 Qe8 25.bxc5 bxc5 26.Ra1 Rxa1 27.Rxa1 Qg6 28.Rg1 Qf7 29.Rd1 Ra8 30.Bg1 Ra2
31.Nc1 Rb2 32.c4 bxc4 33.Ne2 Nxd5 34.Qc1 Rb8 35.Na3 c3 36.Nc4 Ndxf4 37.Nxd6 Qe6
38.Nxf4 Be5 39.Qxc3 Bxc3 40.Nxe6 Be5+ 41.Kh1 Ng3+ 42.Kh2 Nf1+ 43.Kh1 Ng3+
44.Kh2 Kg8 45.Bxc5 Rb2 46.Bd4 Bxd4 47.Nxd4 f4 48.N6f5 f3 49.Kxg3 Rxg2+ 50.Kf4 f2
51.Rf1 Rh2 52.Kxe4 Rxh3 53.Rxf2 Ra3 54.Rg2+ Kf7 55.Rg7+ Kf6 56.Rb7 Ra6 57.Rb5 Kg5
58.Ne3+ Kf6 59.Nd5+ Kg6 60.Rb7 Ra8 61.Nf3 Re8+ 62.Ne5+ Kh5 63.Nf6+ Kh4 64.Nxe8 Kg3
65.Rh7 Kf2 66.Rxh6 Ke2 67.Rh7 Kd2 68.Rf7 Kc1 69.Re7 Kb2 70.Rd7 Kc3 71.Ke3 Kb4
72.Nf7 Kc5 73.Ke4 Kb6 74.Rd5 Kc6 75.Nf6 Kc7 76.Kd4 Kb6 77.Kc4 Kb7 78.Rd6 Ka7
79.Kc5 Kb7 80.Rd7+ Ka8 81.Kb6 Kb8 82.Rd8+  1-0

[Event "Bullet Chess Winners 2023"]
[Site "chess.com INT"]
[Date "2023.07.19"]
[Round "3.15"]
[White "Nakamura,Hi"]
[Black "Naroditsky,D"]
[Result "1-0"]
[WhiteElo "2787"]
[BlackElo "2619"]

1.e4 e5 2.Nc3 Nf6 3.Bc4 c6 4.Bb3 d5 5.Nf3 Bd6 6.d3 O-O 7.O-O dxe4 8.Nxe4 Nxe4
9.dxe4 h6 10.Qe2 Qe7 11.Rd1 Be6 12.Be3 Na6 13.g3 Bc5 14.Nh4 Rad8 15.Bxe6 Qxe6
16.Nf5 Kh7 17.a3 Bb6 18.Bxb6 axb6 19.b4 b5 20.Ne3 Nc7 21.c4 Qg6 22.Nf5 Qe6
23.c5 g6 24.Rd6 Qb3 25.Qd2 gxf5 26.Qxh6+ Kg8 27.Qg5+ Kh7 28.Rh6+  1-0

[Event "Bullet Chess Winners 2023"]
[Site "chess.com INT"]
[Date "2023.07.19"]
[Round "3.13"]
[White "Nakamura,Hi"]
[Black "Naroditsky,D"]
[Result "0-1"]
[WhiteElo "2787"]
[BlackElo "2619"]

1.e4 e5 2.Nc3 Nf6 3.f4 d5 4.exd5 exf4 5.Bc4 c6 6.dxc6 Nxc6 7.Nf3 Bc5 8.Na4 Bd6
9.d4 O-O 10.O-O Bg4 11.c3 Re8 12.h3 Bh5 13.Be2 Ne4 14.Bd3 Ng3 15.Rf2 Qf6
16.Bd2 Ne4 17.Rf1 Ng3 18.Rf2 Ne4 19.Rf1 Re7 20.d5 Nxd2 21.Qxd2 Bxf3 22.gxf3 Ne5
23.Be4 b5 24.Nc5 Bxc5+ 25.Kh1 Be3 26.Qg2 g6 27.d6 Qxd6 28.Bxa8 Nc4 29.Rad1 Qf6
30.Bd5 Ne5 31.Be4 Kg7 32.Rd5 Bb6 33.b3 a6 34.Rfd1 Qh4 35.Rd6 Bf2 36.Rxa6 Bg3
37.Rb6 Ra7 38.Rd2 Be1 39.Rc2 Rd7 40.Rc1 Rd2 41.Qf1 Qg3  0-1

[Event "Bullet Chess Winners 2023"]
[Site "chess.com INT"]
[Date "2023.07.19"]
[Round "3.32"]
[White "Naroditsky,D"]
[Black "Nakamura,Hi"]
[Result "1-0"]
[WhiteElo "2619"]
[BlackElo "2787"]

1.d4 Nf6 2.c4 c5 3.d5 d6 4.Nc3 g6 5.e4 Bg7 6.h3 O-O 7.Bd3 e6 8.Nf3 exd5 9.exd5 Nfd7
10.Be3 f5 11.Bg5 Qe8+ 12.Qe2 Ne5 13.O-O f4 14.Ne4 Nxd3 15.Qxd3 Bf5 16.Rae1 Qf7
17.Bxf4 Nd7 18.Bxd6 Rfe8 19.Nfg5 Bxe4 20.Rxe4 Qf5 21.Rxe8+ Rxe8 22.Qxf5 gxf5
23.Ne6 b5 24.cxb5 Nb6 25.Nxg7 Kxg7 26.Bxc5 Nxd5 27.Bxa7 Re2 28.Rd1 Nf4 29.Be3 Ne6
30.Rd6 Kf7 31.Rd2 Re1+ 32.Kh2 f4 33.Bd4 Re4 34.Bc3 Rc4 35.Rd7+ Ke8 36.Rxh7 Rc5
37.b6 Rb5 38.b7 Nd8 39.a4 Rb3 40.a5 Nxb7 41.a6 Nd8 42.a7 Rb7 43.Rxb7 Nxb7
44.a8=Q+ Nd8 45.Bf6 Kf7 46.Qxd8 f3 47.Qe7+ Kg6 48.g4 Kh6 49.Qg7+  1-0

[Event "Bullet Chess Winners 2023"]
[Site "chess.com INT"]
[Date "2023.07.19"]
[Round "3.14"]
[White "Naroditsky,D"]
[Black "Nakamura,Hi"]
[Result "0-1"]
[WhiteElo "2619"]
[BlackElo "2787"]

1.d4 Nf6 2.Nc3 c5 3.d5 d6 4.e4 a6 5.a4 g6 6.Nf3 Bg7 7.Bc4 Bg4 8.h3 Bxf3 9.Qxf3 Nbd7
10.Qe2 O-O 11.O-O Ne5 12.Ba2 Rc8 13.f4 Ned7 14.e5 Nh5 15.Qf3 dxe5 16.f5 e4
17.Nxe4 c4 18.c3 Ne5 19.Qd1 Nd3 20.fxg6 hxg6 21.d6 exd6 22.Bxc4 Nxc1 23.Qd5 Rxc4
24.Raxc1 Qb6+ 25.Kh2 Qc6 26.Qxc6 bxc6 27.Nxd6 Be5+  0-1

[Event "Bullet Chess Winners 2023"]
[Site "chess.com INT"]
[Date "2023.07.19"]
[Round "3.1"]
[White "Nakamura,Hi"]
[Black "Naroditsky,D"]
[Result "1-0"]
[WhiteElo "2787"]
[BlackElo "2619"]

1.e4 Nf6 2.e5 Nd5 3.d4 d6 4.c4 Nb6 5.f4 dxe5 6.fxe5 Bf5 7.Nf3 e6 8.Nc3 Bb4
9.Be3 O-O 10.Be2 c5 11.O-O cxd4 12.Nxd4 Bg6 13.Qb3 Bc5 14.Rad1 Nc6 15.Ncb5 Nxe5
16.Nxe6 Bxe3+ 17.Qxe3 Nexc4 18.Qc3 Qe7 19.Qxg7+  1-0

[Event "Bullet Chess Winners 2023"]
[Site "chess.com INT"]
[Date "2023.07.19"]
[Round "3.2"]
[White "Naroditsky,D"]
[Black "Nakamura,Hi"]
[Result "1/2-1/2"]
[WhiteElo "2619"]
[BlackElo "2787"]

1.d4 c5 2.d5 Nf6 3.Nc3 d6 4.e4 g6 5.f4 Bg7 6.Bb5+ Bd7 7.e5 Ng8 8.Bxd7+ Nxd7
9.e6 fxe6 10.dxe6 Nf8 11.Qe2 Qc8 12.Qb5+ Qc6 13.Qc4 Qxg2 14.Qb5+ Kd8 15.Be3 Qxh1
16.O-O-O Qc6 17.Qc4 Nf6 18.Nge2 a6 19.f5 b5 20.Qf4 gxf5 21.Qxf5 Qc8 22.Bxc5 Qxe6
23.Bb6+ Ke8 24.Qf3 Rc8 25.Nd4 Qg4 26.Qb7 Qd7 27.Qf3 Ng6 28.Nf5 Kf7 29.Bd4 Rhf8
30.Ne4 Kg8 31.Nxg7 Kxg7 32.Ng5 e5 33.Be3 d5 34.Qg3 Qf5 35.c3 d4 36.Bd2 dxc3
37.bxc3 Kh8 38.Qg2 e4 39.Rf1 Qe5 40.Qe2 e3 41.Qxe3 Qxe3 42.Bxe3 Rxc3+ 43.Kd2 Rxe3
44.Kxe3 Nd5+ 45.Ke2 Nc3+ 46.Ke1 Rxf1+ 47.Kxf1 Nxa2 48.Ne4 b4 49.Nc5 a5 50.Ke2 a4
51.Nxa4 b3 52.Nb2 Nc3+ 53.Kd3 Nb5 54.Kc4 Nd6+ 55.Kxb3 Nf5 56.Kc4 Ne3+ 57.Kd3 Ng4
58.Ke4 Nxh2 59.Kf5 Kg7 60.Kg5 Nf1 61.Nc4 Ng3 62.Nd6 h6+ 63.Kg4 Ne2 64.Nf5+ Kh7
65.Nxh6 Kxh6  1/2-1/2

[Event "Bullet Chess Winners 2023"]
[Site "chess.com INT"]
[Date "2023.07.19"]
[Round "3.4"]
[White "Naroditsky,D"]
[Black "Nakamura,Hi"]
[Result "0-1"]
[WhiteElo "2619"]
[BlackElo "2787"]

1.e4 c5 2.c3 d5 3.exd5 Qxd5 4.d4 Nf6 5.Nf3 e6 6.Na3 a6 7.Nc4 Qd8 8.a4 Nc6
9.Be3 cxd4 10.Nxd4 Bd7 11.Be2 Be7 12.O-O Nd5 13.Nxc6 Bxc6 14.Bd4 O-O 15.Ne5 Be8
16.Bf3 Rc8 17.Qb3 Qc7 18.Rad1 f6 19.Bxd5 exd5 20.Qxd5+ Kh8 21.Nf3 Bxa4 22.Qh5 Bxd1
23.Rxd1 Qc6 24.Re1 Bc5 25.Nh4 Kg8 26.Nf5 Rce8 27.Rd1 Bxd4 28.Qg4 g6 29.Nxd4 Qe4  0-1

[Event "Bullet Chess Winners 2023"]
[Site "chess.com INT"]
[Date "2023.07.19"]
[Round "3.3"]
[White "Nakamura,Hi"]
[Black "Naroditsky,D"]
[Result "1-0"]
[WhiteElo "2787"]
[BlackElo "2619"]

1.e4 Nf6 2.Nc3 d5 3.exd5 Nxd5 4.Bc4 Nb6 5.Bb3 c5 6.d3 Nc6 7.Qh5 e6 8.Nf3 Be7
9.Be3 Nd7 10.Bxe6 g6 11.Bxd7+ Bxd7 12.Qd5 b6 13.O-O O-O 14.Bh6 Re8 15.Rfe1 Nb4
16.Qb3 Bf6 17.a3 Nc6 18.Ne4 Be7 19.Qc3 f6 20.Qc4+ Kh8 21.Qf7 Rg8 22.Nc3 Be8
23.Qc4 Qd7 24.Bf4 Bd8 25.Qe4 Bf7 26.Qe2 Bc7 27.Qd2 Rae8 28.Ne4 Bd8 29.Nd6 Ref8
30.Nxf7+ Qxf7 31.Qc3 Ne7 32.Nd2 Nd5 33.Qc4 Nxf4 34.Qxf4 Bc7 35.Qf3 Re8 36.Nc4 b5
37.Ne3 Be5 38.c3 Rgf8 39.Ng4 Bc7 40.Rxe8 Qxe8 41.g3 f5 42.Ne3 Qe5 43.Nd5 Rd8
44.c4 bxc4 45.dxc4 Qxb2 46.Re1 Bd6 47.Re6 Qa1+ 48.Kg2 Qg7 49.Qe3 Qf7 50.Qc3+ Qg7
51.Qe3 Qf7 52.h4 Bf8 53.h5 gxh5 54.Rf6 Qg7 55.Qe6 h4 56.Rf7 Qg6 57.Qe5+ Bg7
58.Qe7 Rg8 59.Nf4 Qg4 60.Qxh4 Qxh4 61.gxh4 Be5+ 62.Kf3 Bxf4 63.Kxf4 Rg4+
64.Kxf5 Rxc4 65.Kg5 Rc2 66.f4 Kg8 67.Rxa7 c4 68.Kf6 h6 69.f5 c3 70.Ra8+ Kh7
71.Rc8 Rc1 72.Rc7+ Kg8 73.Rc8+ Kh7 74.Rc5 Kg8 75.Rc7 c2 76.Rc8+ Kh7 77.Rc6 Kg8
78.Rc7 Kf8 79.Rc8+  1-0

[Event "Bullet Chess Winners 2023"]
[Site "chess.com INT"]
[Date "2023.07.19"]
[Round "3.5"]
[White "Nakamura,Hi"]
[Black "Naroditsky,D"]
[Result "1-0"]
[WhiteElo "2787"]
[BlackElo "2619"]

1.e4 g6 2.d4 Bg7 3.Nc3 d6 4.h4 h5 5.Nh3 c6 6.Ng5 Nf6 7.Bc4 O-O 8.Bb3 b5 9.Qe2 a5
10.e5 dxe5 11.dxe5 Nd5 12.Bxd5 cxd5 13.Nxb5 Ba6 14.a4 e6 15.O-O Nc6 16.Nf3 Rc8
17.c3 Qd7 18.Re1 Na7 19.Be3 Nxb5 20.axb5 Bxb5 21.Qd2 a4 22.Bh6 Rb8 23.Bxg7 Kxg7
24.Nd4 Bc4 25.Re3 Rb6 26.Rf3 Qe7 27.Rf6 Rfb8 28.Qg5 Kf8 29.Qxg6 Rxb2 30.Nxe6+ Ke8
31.Ng7+ Kf8 32.e6 Rb1+ 33.Rxb1 Rxb1+ 34.Kh2  1-0

[Event "Bullet Chess Winners 2023"]
[Site "chess.com INT"]
[Date "2023.07.19"]
[Round "3.7"]
[White "Nakamura,Hi"]
[Black "Naroditsky,D"]
[Result "1-0"]
[WhiteElo "2787"]
[BlackElo "2619"]

1.e4 c5 2.Nc3 e6 3.Nf3 d5 4.d4 dxe4 5.Nxe4 cxd4 6.Qxd4 Qxd4 7.Nxd4 a6 8.Be3 Nf6
9.Nxf6+ gxf6 10.g3 Nd7 11.Bg2 Ne5 12.O-O-O Ng4 13.Rhe1 Nxe3 14.Rxe3 Be7 15.f4 Rb8
16.Rde1 Bc5 17.Rd3 Bd7 18.Nf5 Bb5 19.Nd6+ Ke7 20.Nxb5 axb5 21.a3 Rhd8 22.Rb3 b6
23.Rxb5 Rbc8 24.Re2 h5 25.Bf3 h4 26.c3 hxg3 27.hxg3 Rg8 28.Rg2 Rcd8 29.Kc2 Rh8
30.b4 Bd6 31.Rxb6 Rh1 32.Rb7+ Kf8 33.Rd2 Ra1 34.Kb2 Rf1 35.Bg2 Rg1 36.a4 Be7
37.Rxd8+ Bxd8 38.Bc6 Rxg3 39.a5  1-0

[Event "Bullet Chess Winners 2023"]
[Site "chess.com INT"]
[Date "2023.07.19"]
[Round "3.6"]
[White "Naroditsky,D"]
[Black "Nakamura,Hi"]
[Result "1-0"]
[WhiteElo "2619"]
[BlackElo "2787"]

1.e4 e5 2.Nf3 Nc6 3.Nc3 Nf6 4.d4 exd4 5.Nd5 Be7 6.Bd3 d6 7.h3 O-O 8.O-O Be6
9.Nxe7+ Qxe7 10.Bg5 h6 11.Bh4 Ne5 12.Nxd4 Ng6 13.Bg3 Nd7 14.f4 c5 15.Nb5 a6
16.Nc3 f5 17.exf5 Bxf5 18.Bc4+ Kh8 19.Nd5 Qd8 20.Qd2 b5 21.Be2 Nf6 22.Nxf6 Qxf6
23.c3 Rad8 24.Bf3 d5 25.Rae1 d4 26.cxd4 Rxd4 27.Qc3 Nxf4 28.Bxf4 Rxf4 29.Qxc5 Bxh3
30.Be2 Rc8 31.Qe3 Rxf1+ 32.Rxf1 Qxb2 33.Qxh3 Qxa2 34.Qxc8+  1-0

[Event "Bullet Chess Winners 2023"]
[Site "chess.com INT"]
[Date "2023.07.19"]
[Round "3.21"]
[White "Nakamura,Hi"]
[Black "Naroditsky,D"]
[Result "0-1"]
[WhiteElo "2787"]
[BlackElo "2619"]

1.e4 g6 2.Nc3 Bg7 3.d4 d6 4.h4 h5 5.Nf3 Bg4 6.Be3 c6 7.Bc4 Nf6 8.Qd2 b5 9.Bb3 b4
10.Ng5 bxc3 11.Bxf7+ Kf8 12.Qxc3 Nxe4 13.Qb3 Nxg5 14.hxg5 Qa5+ 15.c3 Qb5
16.Bxg6 Qe2+  0-1

[Event "Bullet Chess Winners 2023"]
[Site "chess.com INT"]
[Date "2023.07.19"]
[Round "3.22"]
[White "Naroditsky,D"]
[Black "Nakamura,Hi"]
[Result "0-1"]
[WhiteElo "2619"]
[BlackElo "2787"]

1.e4 Nf6 2.e5 Nd5 3.d4 d6 4.c4 Nb6 5.exd6 cxd6 6.Nc3 g6 7.Be3 Bg7 8.Rc1 O-O
9.b3 Bf5 10.Nf3 d5 11.c5 Nc8 12.Be2 Bg4 13.b4 e6 14.O-O Nc6 15.b5 Bxf3 16.Bxf3 Na5
17.Be2 Ne7 18.Qa4 Nf5 19.Rfd1 Nxe3 20.fxe3 Bh6 21.Kh1 Bxe3 22.Rc2 Rc8 23.Rd3 Bh6
24.Rh3 Bg7 25.Rd3 b6 26.c6 a6 27.Qb4 axb5 28.Qxb5 Nxc6 29.Rcd2 Nxd4 30.Rxd4 Bxd4
31.Rxd4 Rxc3 32.h3 Qc7 33.Bf3 Rc1+  0-1

[Event "Bullet Chess Winners 2023"]
[Site "chess.com INT"]
[Date "2023.07.19"]
[Round "3.30"]
[White "Naroditsky,D"]
[Black "Nakamura,Hi"]
[Result "0-1"]
[WhiteElo "2619"]
[BlackElo "2787"]

1.d4 Nf6 2.Nc3 c5 3.d5 d6 4.e4 a6 5.f4 g6 6.Nf3 Bg4 7.e5 Nfd7 8.h3 Bxf3 9.Qxf3 dxe5
10.d6 Nc6 11.dxe7 Bxe7 12.Bc4 Nd4 13.Qf2 Nb6 14.Bd3 f5 15.fxe5 c4 16.Be3 Bc5
17.O-O-O cxd3 18.Rxd3 Nc4 19.Bxd4 Qb6 20.Na4 Bxd4 21.Nxb6 Bxf2 22.Nxa8 Ke7
23.Nc7 Nxe5 24.Rd2 Bg3 25.Rhd1 Rc8 26.Nd5+ Ke6 27.c3 Nc4 28.Re2+ Be5 29.Kc2 Nd6
30.Nf4+ Kf6 31.Nd5+ Ke6 32.Rde1 Ne4 33.Nb6 Rc6 34.Na4 b5 35.Kd3 bxa4 36.a3 h5
37.g4 h4 38.gxf5+ gxf5 39.Rg1 Rd6+ 40.Kc2 Bg3 41.Rf1 Ke5 42.Rfe1 Bxe1 43.Rxe4+ fxe4  0-1

[Event "Bullet Chess Winners 2023"]
[Site "chess.com INT"]
[Date "2023.07.19"]
[Round "3.8"]
[White "Naroditsky,D"]
[Black "Nakamura,Hi"]
[Result "1-0"]
[WhiteElo "2619"]
[BlackElo "2787"]

1.e4 e5 2.Nf3 Nc6 3.Nc3 Nf6 4.d4 exd4 5.Nd5 h6 6.Nxd4 Nxd4 7.Qxd4 Be7 8.Bd3 d6
9.O-O Nxd5 10.exd5 O-O 11.Qe4 f5 12.Qf3 Bf6 13.c3 Be5 14.Bf4 Qh4 15.Bg3 Qf6
16.Bf4 g5 17.Bxe5 dxe5 18.Bc4 e4 19.Qh5 Kg7 20.Rad1 Bd7 21.Rfe1 Rae8 22.Qe2 f4
23.Qd2 Re5 24.Qd4 Rfe8 25.d6 c5 26.Qd2 b5 27.Bb3 e3 28.fxe3 Rxe3 29.Rxe3 fxe3
30.Qe2 Bg4 31.d7 Bxe2 32.dxe8=N+ Kg6 33.Nxf6 Bxd1 34.Bxd1 Kxf6 35.Kf1 Ke5
36.Ke2 Ke4 37.Bc2+  1-0

[Event "Bullet Chess Winners 2023"]
[Site "chess.com INT"]
[Date "2023.07.19"]
[Round "3.17"]
[White "Nakamura,Hi"]
[Black "Naroditsky,D"]
[Result "1-0"]
[WhiteElo "2787"]
[BlackElo "2619"]

1.e4 e5 2.Nc3 Nf6 3.Bc4 Nc6 4.d3 Bc5 5.h3 O-O 6.Nge2 d6 7.O-O Be6 8.Ng3 h6
9.Be3 Bb6 10.Bb3 d5 11.exd5 Nxd5 12.Bxd5 Bxd5 13.Nxd5 Qxd5 14.Nf5 Qe6 15.Qg4 Qg6
16.Rae1 Qxg4 17.hxg4 Rfe8 18.f4 exf4 19.Bxb6 axb6 20.Rxe8+ Rxe8 21.Rxf4 Re2
22.Rc4 Kf8 23.Kf1 Rd2 24.a4 g6 25.Ne3 Ne5 26.Rxc7 Nxd3 27.cxd3 Rxb2 28.Rxb7 Rb3
29.Ke2  1-0

[Event "Bullet Chess Winners 2023"]
[Site "chess.com INT"]
[Date "2023.07.19"]
[Round "3.18"]
[White "Naroditsky,D"]
[Black "Nakamura,Hi"]
[Result "1/2-1/2"]
[WhiteElo "2619"]
[BlackElo "2787"]

1.d4 Nf6 2.Nc3 c5 3.d5 d6 4.e4 a6 5.a4 g6 6.h3 Bg7 7.Bc4 O-O 8.Nf3 e6 9.dxe6 Bxe6
10.Bxe6 fxe6 11.O-O Nc6 12.Bf4 e5 13.Bg5 Qd7 14.Bxf6 Bxf6 15.Nd5 Rad8 16.Nd2 Bg7
17.Nc4 Qf7 18.Nce3 h5 19.c3 Kh7 20.Qd3 Bh6 21.Rad1 Qg7 22.Nc4 Qf7 23.a5 Qe6
24.b4 Rf7 25.bxc5 dxc5 26.Qg3 Rdf8 27.f3 g5 28.Ndb6 Rf6 29.Nd7 Qxc4 30.Nxf8+ Rxf8
31.Rd7+ Rf7 32.Rfd1 Qe6 33.R7d6 Qe7 34.Qf2 g4 35.hxg4 hxg4 36.Qxc5 gxf3 37.gxf3 Qg5+
38.Kf2 Qh5 39.R1d3 Qh2+ 40.Kf1 Qh1+ 41.Ke2 Rg7 42.Rd7 Nd4+ 43.R3xd4 Qg2+
44.Kd3 Qxf3+ 45.Kc4 exd4 46.Rxg7+ Bxg7 47.cxd4 Qxe4 48.Qh5+ Kg8 49.Qd5+ Qxd5+
50.Kxd5 Kf7 51.Kc5 Ke6 52.Kb6 Bxd4+ 53.Kxb7 Bc3 54.Kxa6 Kd7 55.Kb6 Bxa5+  1/2-1/2

[Event "Bullet Chess Winners 2023"]
[Site "chess.com INT"]
[Date "2023.07.19"]
[Round "3.24"]
[White "Naroditsky,D"]
[Black "Nakamura,Hi"]
[Result "0-1"]
[WhiteElo "2619"]
[BlackElo "2787"]

1.e4 Nf6 2.e5 Nd5 3.d4 Nb6 4.Nf3 d6 5.c4 g6 6.h3 Bg7 7.exd6 cxd6 8.Nc3 Nc6
9.Be3 O-O 10.Be2 Bf5 11.d5 Ne5 12.Nxe5 Bxe5 13.O-O Rc8 14.Qb3 Nd7 15.Rad1 Nc5
16.Qa3 a5 17.Nb5 Bd7 18.Nd4 Bg7 19.Rfe1 Qc7 20.Bg5 Rfe8 21.Bf3 h6 22.Bh4 Qb6
23.Kh1 Na6 24.Qc3 a4 25.Qd2 Rxc4 26.Ne2 Rxh4  0-1

[Event "Bullet Chess Winners 2023"]
[Site "chess.com INT"]
[Date "2023.07.19"]
[Round "3.25"]
[White "Nakamura,Hi"]
[Black "Naroditsky,D"]
[Result "1-0"]
[WhiteElo "2787"]
[BlackElo "2619"]

1.e4 Nf6 2.Nc3 e5 3.f4 d5 4.exd5 exf4 5.Bc4 c6 6.dxc6 Nxc6 7.Nf3 Bc5 8.Qe2+ Kd7
9.d3 Re8 10.Ne4 Nxe4 11.dxe4 Qf6 12.Bd2 Qxb2 13.Rd1 Ke7 14.Bb3 Be6 15.Qb5 Bd6
16.Qxb7+ Bd7 17.Bxf4 Qc3+ 18.Kf1  1-0

[Event "Bullet Chess Winners 2023"]
[Site "chess.com INT"]
[Date "2023.07.19"]
[Round "3.26"]
[White "Naroditsky,D"]
[Black "Nakamura,Hi"]
[Result "1/2-1/2"]
[WhiteElo "2619"]
[BlackElo "2787"]

1.e4 Nf6 2.d3 d5 3.Nd2 Nfd7 4.exd5 Nb6 5.c4 c6 6.dxc6 Nxc6 7.Ngf3 g6 8.Nb3 Bg7
9.Be2 O-O 10.O-O a5 11.h3 a4 12.Nc5 a3 13.Rb1 axb2 14.Bxb2 Rxa2 15.Bxg7 Kxg7
16.Re1 Ra5 17.d4 e6 18.Nb3 Ra8 19.Qd2 Nd7 20.d5 exd5 21.cxd5 Nce5 22.Nfd4 Nf6
23.Rbd1 Qxd5 24.Qg5 Nc6 25.Qg3 Ra3 26.Bf3 Rxb3 27.Bxd5 Rxg3 28.Bxc6 Rc3 29.Bf3 Rc5
30.Nb3 Rc3 31.Nd4 Rc7 32.Nb5 Rd7 33.Nd6 Rfd8 34.Nxc8 Rxd1 35.Rxd1 Rxc8 36.Bxb7 Rc5
37.Bf3 Ne8 38.Re1 Nd6 39.g3 Nc4 40.Kg2 Ne5 41.Re4 Nd3 42.Re3 Ne5 43.Be4 Nc4
44.Rc3 Rc8 45.Bb7 Rb8 46.Rxc4 Rxb7 47.Rc3 Rb6 48.Re3 Re6 49.h4 Rxe3 50.fxe3 Kf6
51.Kf3 Ke5 52.g4 h6 53.Kf2 Ke4 54.Ke2 f6 55.Kf2 g5 56.hxg5 hxg5 57.Ke2 Kd5
58.Kd3 Ke5 59.Kd2 f5 60.gxf5 Kxf5 61.Ke2 g4 62.Kf2 Ke4 63.Kg3 Kxe3 64.Kxg4  1/2-1/2